000 00683 a2200217 4500
005 20260317103040.0
008 260317b |||||||| |||| 00| 0 eng d
020 _a9789644722622 (pbk)
037 _cTB
040 _aCRL
_cCRL
041 _2PER
_aPER
084 _aV45 164Q1
_bCRL
100 _aAyatulhayi, Habibullah
_91115919
245 _aKitab-e-Iran: Tareekh-e-hunar
260 _aTehran, Iran:
_bAlhoda publications,
_c2011.
300 _a377p.
365 _b1900.00
_cINR
650 _aHistory-Iran
_9726418
942 _cTB
_2CC
_hV45 164Q1
999 _c1679699
_d1679699